000
00285 a2200121 4500
001
55732
082
_a
364.132305491 MUJ
090
_c
34621
_d
34621
100
_a
Mujahid Hussain
245
_a
Pakistan totnay wala ha
260
_a
Lahore
_b
Print Line
_c
1999
300
_a
327p
942
_a
NUST-CAE
_k
364.132305491 MUJ
999
_c
290805
_d
290805